Analytical photogrammetry (Record no. 96156)

MARC details
000 -LEADER
fixed length control field 00992cam a2200217 4500
001 - CONTROL NUMBER
control field ##D4045
008 - FIXED-LENGTH DATA ELEMENTS--GENERAL INFORMATION
fixed length control field 090401t1979 xxu||||| |||| 00| 0 eng d
020 ## - INTERNATIONAL STANDARD BOOK NUMBER
International Standard Book Number 0080238831
035 ## - SYSTEM CONTROL NUMBER
System control number (Sirsi) u76324
041 0# - LANGUAGE CODE
Language code of text/sound track or separate title eng
050 00 - LIBRARY OF CONGRESS CALL NUMBER
Classification number 526.982
-- 218
100 1# - MAIN ENTRY--PERSONAL NAME
Personal name Ghosh, Sanjib K.
245 ## - TITLE STATEMENT
Title Analytical photogrammetry
260 ## - PUBLICATION, DISTRIBUTION, ETC.
Place of publication, distribution, etc. New York
-- Oxford
Name of publisher, distributor, etc. Pergamon Press
Date of publication, distribution, etc. 1979
300 ## - PHYSICAL DESCRIPTION
Extent xxviii, 203p.
Other physical details ill.
Dimensions 25cm
350 ## - PRICE (NR) (BK AM CF MU VM SE) [OBSOLETE]
Price 12.50
520 ## - SUMMARY, ETC.
Summary, etc. Aimed a students, researchers and practitioners this text considers the instrumentation of photogrammetry and co-ordinate systems. Examines the geometry of the photgraphs, refinement of photo co-ordinates and the relationship between object and photograph. Finally the text looks at the design of projects, multiple applications, self-calibration and constraints and non-conventional cases. Bibliographies.
690 ## - LOCAL SUBJECT ADDED ENTRY--TOPICAL TERM (OCLC, RLIN)
Topical term or geographic name as entry element ENVIRONMENTAL AND LAND CONSULTANCY-GEOMATICS-PHOTOGRAMMETRY AND REMOTE SENSING
942 ## - ADDED ENTRY ELEMENTS (KOHA)
Suppress in OPAC 0
948 ## - LOCAL PROCESSING INFORMATION (OCLC); SERIES PART DESIGNATOR (RLIN)
c (OCLC) 04/03/1997
Holdings
Withdrawn status Lost status Source of classification or shelving scheme Damaged status Not for loan Home library Current library Shelving location Date acquired Cost, normal purchase price Total Checkouts Full call number Barcode Date last seen Copy number Cost, replacement price Price effective from Koha item type
    Dewey Decimal Classification     London London Books 14/09/1999 12.50   526.982 30017422 06/08/2019 1 12.50 06/08/2019 Book